LEADER 01870nam a2200409 u 4500 001 000000048567 003 CaOOAMICUS 005 20150205155449.0 008 000512s1998 it bf u000 u ita u 020 $a8804330104 035 $a10847498 040 $aPUL$bita$dBAV$dBAV 041 1 $aita$alat 100 0 $aPaulus Diaconus,$dc. 720-799.$0(OLS)http://pul/name/1082 240 10$aHistoria Langobardorum$9(Paulus Diaconus, c. 720-799).$lItaliano e latino.$0(OLS)http://pul/title/65411 245 10$aStoria dei longobardi /$cPaolo Diacono ; a cura di Lidia Capo. 250 $a4. ed. 260 $aRoma :$bFondazione Lorenzo Valla ;$aMilano :$bA. Mondadori,$c1998. 300 $al, 645 p., 4 c. di c. geogr., 12 c. di tav.$bill., c. geogr.$c21 cm 490 1 $aScrittori greci e latini 500 $aTesto latino e trad. italiana a fronte con commento. 504 $aBibliografia: p. [xxxvii]-xlvi. 700 1 $aCapo, Lidia.$0(OLS)http://pul/name/35249 710 2 $aFondazione Lorenzo Valla.$0(OLS)http://pul/name/7842 830 0$aScrittori greci e latini.$0(OLS)http://pul/title/10625 850 $aPUL 852 $aPUL$W1$xDP1 Fondo Capitani$y116$m9 B 34$j32014$qFondi$B163431$CPULBib$Z2$F163431 $HCap395 $82 852 $aPUL$W1$xDP1 Cons. Gen., Altre Classi 1$y22$m705 M 49$j64687$nBK-PRI$b $qStampati$B64687$CPULBib$Z2$F64687 $H $81 900 $aPaolo Diacono,$dc. 720-799$91082 941 1 $a8 941 1 $a1 961 $aINV: 81677 961 $aNota ms. di possesso : Capitani 996 $6020$a8804330104$9(OLS)http://pul/number/61110 996 $6245$aStoria dei longobardi$9(OLS)http://pul/title/65412 996 $6260$aRoma :$bFondazione Lorenzo Valla$9(OLS)http://pul/publisher/51617 996 $6260$aMilano :$bA. Mondadori$9(OLS)http://pul/publisher/48249 LEADER 00970nam a2200217 a 4500 001 000000148566 003 CaOOAMICUS 005 20160114132419.0 008 160114s1950 it af u000 u ita r 032 $aLibriCat 040 $aPUL$bita 100 1 $aBusti, Mario,$csac.$0(OLS)http://pul/name/94756 245 13$aUn'anima di luce :$bmemorie biografiche di Mons. Luigi Arrigoni nunzio apostolico al Perù /$cMons. Mario Busti ; con prefazione di S.Em. il Card. Ildefonso Schuster arcivescovo di Milano. 260 $aMilano :$bÀncora,$c1950. 300 $a237 p. :$bill., tav. ;$c19 cm. 600 14$aArrigoni, Luigi.$0(OLS)http://pul/subject/42847 700 1 $aSchuster, Ildefonso,$cb.,$d1880-1954.$0(OLS)http://pul/name/3974 941 1 $a8 996 $6245$aUn'anima di luce :$bmemorie biografiche di Mons. Luigi Arrigoni nunzio apostolico al Perù$9(OLS)http://pul/title/187376 996 $6260$aMilano :$bÀncora$9(OLS)http://pul/publisher/53070